000 00625nam a2200229Ia 4500
003 OSt
005 20221006164242.0
006 a|||||r|||| 00| 0
007 ta
008 221006b |||||||| |||| 00| 0 eng d
024 _a1,515
037 _cTextual
040 _aFML
_cFML
_beng
041 _2eng
_aeng
082 _aO15:g(NT), 111M9
100 _aMarasvighe E W Au.
_9676956
245 0 _aThe Sanskrit Theatre and Stage Craft
260 _aDelhi
_bSatguni Publication
_c1989
300 _a568
_ccm.
942 _hO15:g(NT), 111M9
_cTEXL
_2CC
999 _c1116644
_d1116644